000 01018nam a22002537a 4500
005 20100927123449.0
008 100927t xxu||||| |||| 00| 0mar d
010 _aMAR-20304
020 _c260.00
_a9788172948177
035 _aMR-12962
037 _bDBAD / PUB
040 _aDPL
_bMR
082 _a158.1
100 _aकाकडे,मधुकर
_921959
245 _aसुख येता तुम्च्या दारी /
_cमधुकर काकडे
246 _aSukh Yeta Tumachya Dari
_bby Madhukar kakade
260 _aपुणे
_bदिलीपराज प्रकाशन
_c2010
270 _a251,क शनिवार पेट
_bपुणे
300 _aसतरा,267पृ
_c21सेमी (अजिल्द)
650 _921960
650 _921961
942 _2ddc
_cMR
_mकाकडे
_h158.1
999 _c47821
_d47821